000 00325nam a2200145Ia 4500
100 _aSTEPHENSON DAVID A
650 _aPRODUCTION
942 _cBK
366 _f20
245 _aMetal Cutting Theory And Practice
260 _bTaylor and francis
_aLondon
_c2010
082 _a671.5/STE
300 _a846
546 _aENGLISH
999 _c32270
_d32270